|
|
|
|
| LEADER |
00915nam a2200241 a 4500 |
| 001 |
15421454 |
| 008 |
100711r20102009inu 001 0 eng d |
| 010 |
|
|
|a 2008037353
|
| 020 |
|
|
|a 9788126518975
|
| 020 |
|
|
|a 9780470247969 (paper/website)
|
| 040 |
|
|
|a DLC
|c DLC
|d DLC
|d BD-DhAAL
|
| 082 |
0 |
0 |
|a 005.75/85
|2 22
|
| 245 |
0 |
0 |
|a Professional Microsoft SQL server 2008 administration /
|c Brian Knight ... [et al.].
|
| 260 |
|
|
|a Indianapolis, IN ;
|a New Delhi :
|b Wiley Pub.,
|c 2009.[Reprinted 2010]
|
| 300 |
|
|
|a xxxii,878 p. :
|b ill. ;
|c 24 cm.
|
| 504 |
|
|
|a Includes index.
|
| 541 |
1 |
|
|e 00020585
|
| 630 |
0 |
0 |
|a SQL server.
|
| 650 |
|
0 |
|a Database management.
|
| 700 |
1 |
|
|a Knight, Brian.
|
| 852 |
4 |
|
|a Ayesha Abed Library
|j General shelf
|
| 999 |
|
|
|c 9333
|d 9333
|
| 952 |
|
|
|0 0
|1 0
|2 ddc
|4 0
|6 005_758500000000000_PRO_2010
|7 0
|9 11856
|a BRACUL
|b BRACUL
|c GEN
|d 2010-09-19
|l 1
|m 6
|o 005.7585 PRO
|p 3010020585
|r 2012-05-02
|s 2010-10-25
|t 1
|w 2010-09-19
|y BK
|